00745nam a2200205 450000500170000001000150001702000260003203500140005803700090007208200130008124501110009425000060020526000260021127000650023730000210030270000380032394200270036199900190038895201320040720260413113604.0 aENG-148022 a9789334417760c700.00 aEN-131554 bDBAD 21a539.7 aProceedings of 2nd national conference on Frontiers in Theoretical and experimental physicscRavinder kaur a1 aPunjabbRavinder kaur aDepartment of physics, DAV collage, JalandharbIndiae144008 a118.pgc29cm(pb) aRavinder kaur, Anoop kumar988869 2ddccENe1h539.7mPro c215864d215864 001040718NFICaDBADbDBADd2026-04-13eDBADg700.00l0o539.7 PropEN-131554r2026-04-13 11:38:12t1v700.00w2026-04-13yEN